LEADER 01164nam a2200301 i 4500 001 991000652539707536 008 080513s2008 cc a b 001 0 eng d 020 $a9780596510329 020 $a0596510322 035 $ab13890438-39ule_inst 040 $aDip.to Ingegneria dell'Innovazione$beng 082 0 $a006.78$222 082 0 $a005.117$222 100 1 $aEdiger, Brad$0472796 245 10$aAdvanced rails /$cBrad Ediger 260 $aSebastopol, CA :$bO'Reilly,$cc2008 300 $axiii, 342 p. :$bill. ;$c24 cm 504 $aIncludes bibliographical references and index 630 04$aRuby on rails (Electronic resource) 650 4$aObject-oriented programming (Computer science) 650 4$aInternet programming. 856 41$zTable of contents$uhttp://www.loc.gov/catdir/toc/fy0804/2008297506.html 907 $a.b13890438$b28-01-14$c24-03-10 912 $a991000652539707536 945 $aLE026 005.117 D EDI 01.01 2008$g1$i2026000043852$lle026$nProf. Tommasi / Biblioteca$op$pE27.49$q-$rn$s- $t1$u0$v0$w0$x0$y.i15098291$z25-03-10 996 $aAdvanced rails$9224835 997 $aUNISALENTO 998 $ale026$b13-05-08$cm$da $e-$feng$gcc $h0$i0 LEADER 00830nam0-22002771i-450 001 990006701850403321 005 20241021151309.0 035 $a000670185 035 $aFED01000670185 035 $a(Aleph)000670185FED01 100 $a20001010d1989----km-y0itay50------ba 101 0 $aita 105 $ay-------001yy 200 1 $a<>cavalieri della paura$ecrisi dei valori e crisi d'identita' nella cultura europea tra le due guerre$fRomoloRuncini 210 $aCosenza$cPellegrini$d1989 215 $a181 p., 20 cm 700 1$aRuncini,$bRomolo$0154299 801 0$aIT$bUNINA$gRICA$2UNIMARC 901 $aBK 912 $a990006701850403321 952 $aII G 19$b9823$fFSPBC 952 $aDAM A92.2 RUNR 01$b2024/8753$fFLFBC 959 $aFLFBC 959 $aFSPBC 996 $aCavalieri della paura$9173275 997 $aUNINA